000 00956nam a2200301 a 4500
001 36953
003 BD-RjUL
005 20211209052548.0
008 140924s1990 enk b 001 0 eng
020 _a0720120527
035 _a(BD-RjUL)37055
040 _aDLC
_cDLC
_dDLC
_dBD-RjUL
_beng
041 _aeng
082 0 0 _a595.70072
_220
_bGIE 1990
100 1 _aGilbert, Pamela,
_d1932-
_9112894
245 1 0 _aEntomology :
_ba guide to information sources /
_cPamela Gilbert and Chris J. Hamilton.
250 _a2nd ed.
260 _aLondon ;
_aNew York :
_bMansell,
_c1990.
300 _avi, 259 p. ;
_c24 cm.
500 _aIncludes index.
650 0 _aEntomology
_xBibliography.
_9112895
650 0 _aEntomology
_xInformation services.
_9112896
650 0 _aInformation storage and retrieval systems
_xEntomology.
_9112897
700 1 _aHamilton, Chris J.
_9112898
942 _2ddc
_cBK
999 _c36953
_d36953